header

Adobe Creative Suite 5 design premium all-in-one for dummies (Record no. 190430)

MARC details
000 -LEADER
fixed length control field 01693nam a2200385 a 4500
100 1# - MAIN ENTRY--AUTHOR NAME
Personal name Smith, Jennifer E.
245 10 - TITLE STATEMENT
Title Adobe Creative Suite 5 design premium all-in-one for dummies
260 ## - PUBLICATION, DISTRIBUTION, ETC. (IMPRINT)
Place of publication Hoboken, N.J. :
Name of publisher Wiley Pub., Inc.,
Year of publication 2010.
300 ## - PHYSICAL DESCRIPTION
Number of Pages xxiv, 984 p. :
Other physical details ill.
500 ## - GENERAL NOTE
General note Includes index.
505 0# - FORMATTED CONTENTS NOTE
Formatted contents note bk. 1. Adobe Creative Suite 5 basics -- bk. 2. InDesign CS5 -- bk. 3. Illustrator CS5 -- bk. 4. Photoshop CS5 -- bk. 5. Acrobat 9.0 -- bk. 6. Dreamweaver CS5 -- bk. 7. Flash Professional CS5 -- bk. 8. Fireworks CS5.
650 #0 - SUBJECT ADDED ENTRY--TOPICAL TERM
Topical Term Computer graphics.
Topical Term Web sites
Topical Term Desktop publishing.
Topical Term Graphic arts
700 1# - ADDED ENTRY--PERSONAL NAME
Personal name Smith, Christopher.
Personal name Gerantabee, Fred.
856 40 - ELECTRONIC LOCATION AND ACCESS
Uniform Resource Identifier http://site.ebrary.com/lib/rucke/Doc?id=10394868

No items available.

© 2026 Rongo University
Contact us: librarian | system librarian | Rongo university